000 00440nam a2200169Ia 4500
003 OSt
005 20260306145142.0
008 211028s2009 xx 000 0 und d
040 _cAIMIT LIBRARY
041 _aeng
100 _aA, Shailesh; Pilar, Bharathi.
_g60471447
_93048
110 _aR Manimozhi.
_93049
245 _aIT project match online /
260 _aMangalore
_c2009
710 _aHewlett Packard.
_93050
942 _2ddc
_cPRO
999 _c217101
_d217101